Plan operativo bienal 2007-2008 (Record no. 3696)

MARC details
000 -LEADER
campo de control de longitud fija 00734nam a22001937a 4500
001 - NÚMERO DE CONTROL
campo de control 14813
005 - FECHA Y HORA DE LA ÚLTIMA TRANSACCIÓN
campo de control 20250522045646.0
008 - DATOS DE LONGITUD FIJA--INFORMACIÓN GENERAL
campo de control de longitud fija 5230202007 dr
082 ## - NÚMERO DE LA CLASIFICACIÓN DECIMAL DEWEY
Número de clasificación RD 614.599392
Número de ítem R29913p
110 ## - ENTRADA PRINCIPAL--NOMBRE DE ENTIDAD CORPORATIVA
Nombre de entidad corporativa o nombre de jurisdicción como elemento de entrada República Dominicana. Consejo Presidencial del SIDA (COPRESIDA)
245 ## - MENCIÓN DEL TÍTULO
Título Plan operativo bienal 2007-2008
Mención de responsabilidad, etc. Consejo Presidencial del SIDA
260 ## - PUBLICACIÓN, DISTRIBUCIÓN, ETC.
Lugar de publicación, distribución, etc. Santo Domingo, República Dominicana :
Nombre del editor, distribuidor, etc. COPRESIDA
300 ## - DESCRIPCIÓN FÍSICA
Extensión 64 p. ; 23 cm.
490 ## - MENCIÓN DE SERIE
Mención de serie Plan Estratégico Nacional (PEN) para la prevención y el control de las TIS VIH y SIDA 2007-2015 Vol 4
650 ## - PUNTO DE ACCESO ADICIONAL DE MATERIA--TÉRMINO DE MATERIA
Término de materia o nombre geográfico como elemento de entrada 1.Enfermedades transmisibles
650 ## - PUNTO DE ACCESO ADICIONAL DE MATERIA--TÉRMINO DE MATERIA
Término de materia o nombre geográfico como elemento de entrada 2.Síndrome de Inmunodeficiencia Adquirida-Prevención
700 ## - ENTRADA AGREGADA--NOMBRE PERSONAL
Nombre de persona I.Tít
700 ## - ENTRADA AGREGADA--NOMBRE PERSONAL
Nombre de persona II.Serie
Holdings
Estatus retirado Estado de pérdida Estado de daño No para préstamo Colección Biblioteca de origen Biblioteca actual Fecha de adquisición Total de préstamos Signatura topográfica completa Código de barras Visto por última vez Copia número Precio de reemplazo Tipo de ítem Koha
        Acervo general de Libros Biblioteca Central Mons. Favio M. Rivas S. Biblioteca Central Mons. Favio M. Rivas S. 04/04/2017   RD 614.599392 000000005504 23/05/2025 1 23/05/2025 Libros